Riesci a nominare 16 giocatori dell'Inter (2000-2010)? - Principiante - Statistics

Statistiche generali
  • Questo quiz è stato fatto 105 volte
  • Il punteggio medio è 15 su 16
Statistiche sulle risposte
con Immagini Risposta % Corretto
Javier Zanetti
100%
Zlatan Ibrahimovic
100%
Marco Materazzi
99%
Ronaldo
99%
Christian Vieri
96%
Samuel Eto'o
96%
Diego Milito
95%
Adriano
94%
Julio Cesar
94%
Luis Figo
92%
Esteban Cambiasso
91%
Wesley Sneijder
91%
Sinisa Mihajlovic
85%
Dejan Stankovic
80%
Maicon
80%
Ivan Cordoba
76%
Nessun quiz corrispondente trovato
Distribuzione punteggi
Percentuale di utenti per punteggio
Percentile per numero di risposta
I tuoi punteggi nel tempo
Non hai fatto questo quiz